One Word Clue to Doctor Who Edition - Extra Hard Edition - Statistics

General Stats
  • This quiz has been taken 16 times
  • The average score is 9 of 15
Answer Stats
Hint Answer % Correct
Television The Idiot's Lantern
92%
Reverend The Unicorn and the Wasp
83%
Bridgerton Rogue
75%
Highwayman The Woman Who Lived
75%
Dreams Amy's Choice
67%
Rusty Into The Dalek
67%
Crimea War of the Sontarans
67%
Corsair The Doctor's Wife
58%
Fjord It Takes You Away
50%
Landlord Knock Knock
50%
Arpeggio The Giggle
50%
Caliburn Hide
42%
Kronkburger The Long Game
42%
Fumes Gridlock
33%
Madagascar Praxeus
33%
No matching quizzes found
Score Distribution
Percent of People with Each Score
Percentile by Number Answered
Your Score History
You have not taken this quiz